Estudios mayas (Record no. 2640)
[ view plain ]
| 000 -CABECERA | |
|---|---|
| campo de control de longitud fija | 00870nam a2200241 a 4500 |
| 001 - NÚMERO DE CONTROL | |
| campo de control | BRCA_2901 |
| 005 - FECHA Y HORA DE LA ÚLTIMA TRANSACCIÓN | |
| campo de control | 20190320204024.0 |
| 008 - DATOS DE LONGITUD FIJA--INFORMACIÓN GENERAL | |
| campo de control de longitud fija | 111208s1919----mx-a---###---#000-0#spa-u |
| 050 #4 - SIGNATURA TOPOGRÁFICA DE LA BIBLIOTECA DEL CONGRESO | |
| Número de clasificación | F1435.P6 |
| Número de documento/Ítem | .H46 1919 |
| 100 1# - ENTRADA PRINCIPAL--NOMBRE DE PERSONA | |
| Nombre de persona | Henning, Paul |
| 9 (RLIN) | 8074 |
| 245 10 - MENCIÓN DE TÍTULO | |
| Título | Estudios mayas |
| Mención de responsabilidad, etc. | por Paul Henning. |
| 260 ## - PUBLICACIÓN, DISTRIBUCIÓN, ETC. | |
| Lugar de publicación, distribución, etc. | México |
| Nombre del editor, distribuidor, etc. | Muller |
| Fecha de publicación, distribución, etc. | 1919 |
| 300 ## - DESCRIPCIÓN FÍSICA | |
| Extensión | 2 v. |
| Otras características físicas | il. |
| Dimensiones | 23 cm. |
| 500 ## - NOTA GENERAL | |
| Nota general | Dedicatoria del autor al Sr. Franz Mayer |
| 500 ## - NOTA GENERAL | |
| Nota general | B33 |
| 505 0# - NOTA DE CONTENIDO CON FORMATO | |
| Nota de contenido con formato | Contenido: v.1. El glifo Tun: su derivación y significado. -- v.2. El glifo Pax: el gran signo inicial, los glifos Ahau, Cib, Caban, Xul, Chicchan, la fecha de partida 4 Ahau 8 Cumhu (primera parte) su derivación y significado |
| 650 14 - PUNTO DE ACCESO ADICIONAL DE MATERIA--TÉRMINO DE MATERIA | |
| Término de materia o nombre geográfico como elemento de entrada | Calendario maya |
| 9 (RLIN) | 8075 |
| 650 14 - PUNTO DE ACCESO ADICIONAL DE MATERIA--TÉRMINO DE MATERIA | |
| Término de materia o nombre geográfico como elemento de entrada | Escritura pictórica maya |
| 9 (RLIN) | 8076 |
| 650 14 - PUNTO DE ACCESO ADICIONAL DE MATERIA--TÉRMINO DE MATERIA | |
| Término de materia o nombre geográfico como elemento de entrada | Mayas |
| 9 (RLIN) | 8077 |
| 650 14 - PUNTO DE ACCESO ADICIONAL DE MATERIA--TÉRMINO DE MATERIA | |
| Término de materia o nombre geográfico como elemento de entrada | Pictografía maya |
| 9 (RLIN) | 8078 |
| 902 ## - CATALOGADOR | |
| Iniciales | GFM |
| 942 ## - ELEMENTOS DE PUNTO DE ACCESO ADICIONAL (KOHA) | |
| Fuente del sistema de clasificación o colocación | Library of Congress Classification |
| Tipo de ítem Koha | Libros |
| Estado de retiro | Estado de pérdida | Estado dañado | No para préstamo | Localización permanente | Ubicación/localización actual | Fecha de adquisición | Número de inventario | Total de préstamos | Signatura topográfica completa | Código de barras | Fecha visto por última vez | Precio válido a partir de | Tipo de ítem Koha |
|---|---|---|---|---|---|---|---|---|---|---|---|---|---|
| El ejemplar forma parte de la colección y puede ser consultado según las políticas vigentes. | Biblioteca del Museo Franz Mayer (Rogerio Casas-Alatriste) | Biblioteca del Museo Franz Mayer (Rogerio Casas-Alatriste) | 11/12/2008 | B33 | F1435.P6 .H46 1919 (B33) | 2898 | 22/03/2019 | 22/03/2019 | Libros |